Представление документа в формате MARC21

Поле Инд. ПП Название Значение
Тип записи a
Библиографический уровень m
001 _ Контрольный номер RU-LAN-BOOK-217835
005 Дата корректировки 20250915104056.5
008 Кодируемые данные 220329s2021 RU y f z 000 1 rus u
020 a ISBN 978-5-00148-216-1
040 c Служба, преобразующая запись Издательство Лань
041 a Код языка текста rus
044 a Код страны публикации RU
080 a Индекс УДК 42(075):336
084 2 Источник индекса rubbk
a Индекс другой классификации/Индекс ББК 81.2Англ-923
100 1_ a Автор Матвиенко Е. Н.
245 a Заглавие English for Banking and Finance = Английский язык в сфере финансов и банковского дела
b Продолж. заглавия учебное пособие
h Физич. носитель Электронный ресурс
c Ответственность Матвиенко Е. Н.
260 a Место издания Новосибирск
b Издательство СГУПС
c Дата издания 2021
d Новосибирск
300 a Объем 137 с.
520 a Аннотация Учебное пособие способствует формированию профессиональных языковых компетенций будущих специалистов в сфере финансов и банковского дела. Направлено на развитие навыков работы с профессиональной литературой на английском языке, отработку профессиональной экономической и финансовой терминологии, закрепление навыков передачи содержания профессионально-ориентированных текстов с русского языка на английский. Содержит семь тематических разделов, материалы для организации самостоятельной работы, тестовые задания, глоссарий. Предназначено для обучения профессиональному английскому языку бакалавров и магистрантов.
521 a Примеч. о целев. назн. Книга из коллекции СГУПС - Языкознание и литературоведение
852 x Примечание, не предназначенное для пользователя e.lan2023
856 4_ u URL https://e.lanbook.com/book/217835
z Примечание для пользователя Участвует в КО
856 41 u URL https://e.lanbook.com/img/cover/book/217835.jpg